|
|
|
|
| LEADER |
00000naa a2200000uu 4500 |
| 001 |
vtls011072108 |
| 003 |
SK-MaSNL |
| 005 |
20260302143423.0 |
| 008 |
210910|2002 xo |||||||||||||||||eng| |
| 015 |
|
|
|a SNBRA
|
| 035 |
|
|
|a (urnnbn)urn:nbn:sk:snk:ar-a0cbf9
|
| 035 |
|
|
|a (uuid)69444562-3872-4232-a7af-7521df4e5828
|
| 035 |
|
|
|a urn:nbn:sk:snk-aavhoi
|
| 040 |
|
|
|a SNKBUCL
|b slo
|c SNKBUCL
|e AACR2
|
| 041 |
0 |
|
|a eng
|
| 044 |
|
|
|a xo
|c SK
|
| 100 |
1 |
|
|a Andráš, Peter,
|d 1953-
|4 aut
|9 114910
|
| 245 |
1 |
0 |
|a Pb - isotope study of selected european Sb-mineralizations
|c Peter Andráš, Erich Schroll, Ján Kráľ, Martin Chovan, Zdeněk Zachariáš
|
| 700 |
1 |
|
|a Schroll, Erich
|4 aut
|9 833383
|
| 700 |
1 |
|
|a Kráľ, Ján
|c (geológ)
|4 aut
|9 227926
|
| 700 |
1 |
|
|a Chovan, Martin,
|d 1946-
|4 aut
|9 5368
|
| 700 |
1 |
|
|a Zachariáš, Zdeněk
|4 aut
|9 833384
|
| 773 |
0 |
|
|t Geochémia 2002
|d Bratislava : Štátny geologický ústav Dionýza Štúra, 2002
|g S. 30-34
|z 8088974429
|
| 958 |
|
|
|a OND
|
| 958 |
|
|
|a article12
|
| 958 |
|
|
|a chapter
|
| 999 |
|
|
|c 1344404
|d 1346334
|